MARC details
| 000 -LÍDER |
| campo de controle de tamanho fixo |
01355naa a22002897a 4500 |
| 001 - NÚMERO DE CONTROLE |
| campo de controle |
BR8301075 |
| 003 - IDENTIFICADOR DO NÚMERO DE CONTROLE |
| campo de controle |
BR-BrBNA |
| 005 - DATA E HORÁRIO DA ÚLTIMA TRANSAÇÃO |
| campo de controle |
20250721143222.0 |
| 007 - CAMPO FIXO DE DESCRIÇÃO FÍSICA--INFORMAÇÃO GERAL |
| campo de controle de tamanho fixo |
ta |
| 008 - CAMPO DE DADOS FIXOS--INFORMAÇÃO GERAL |
| campo de controle de tamanho fixo |
250630b bl.|||m| |||| 00| 0 por d |
| 040 ## - FONTE DA CATALOGAÇÃO |
| Instituição da catalogação original |
BR-BrBNA |
| Idioma da catalogação |
por |
| Instituição que transcreveu o registro |
Biblioteca Nacional de Agricultura |
| 041 ## - CÓDIGO DE IDIOMA |
| Código do idioma do texto/trilha sonora ou título diferente |
(Pt) |
| 072 ## - CÓDIGO DE CATEGORIA DE ASSUNTO |
| Código de Categoria de Assunto |
L60 |
| Código do objeto |
8891 |
| -- |
G514 |
| 090 ## - NÚMERO DE CHAMADA LOCAL |
| Número de chamada |
L60 BR8301075 |
| 100 1# - ENTRADA PRINCIPAL--NOME PESSOAL |
| Nome pessoal |
Bierrergaard Junior, R.O. |
| 245 1# - TÍTULO |
| Título |
Levantamentos ornitologicos no dossel da mata pluvial de terra firme [ave selvagem, Amazonia, Brasil] |
| 246 1# - FORMA VARIANTE DO TÍTULO |
| Título/título abreviado |
[Bird surveys in the canopy of "terra firme" rain forest [wild bird, Amazon, Brazil]] |
| 246 1# - FORMA VARIANTE DO TÍTULO |
| Título/título abreviado |
[Model basin: ecological characterization of an experimental hydrological basin in the middle Amazon] |
| 490 ## - TÍTULO DA SÉRIE |
| Título da série |
Acta Amazonica. Suplemento (Brazil) |
| Número do volume ou designação sequencial da série |
v. 12(3) |
| ISSN - International Standard Serial Number |
ISSN 0044-5967 |
| 500 ## - NOTA GERAL |
| Nota geral |
Bacia modelo: caracterizacao ecologica de uma bacia hidrografica experimental na Amazonia central<br/>Manaus, AM (Brasil): 1982. p. 107-111 [9 ref.; Summaries (En, Pt); Received 8 Mar 1982]<br/>(BR8301075-AMS)<br/> |
| 650 ## - ASSUNTO--TERMO TÓPICO |
| Cabeçalho tópico ou nome geográfico |
AVE SELVAGEM |
| 650 ## - ASSUNTO--TERMO TÓPICO |
| Cabeçalho tópico ou nome geográfico |
DISTRIBUICAO GEOGRAFICA |
| 650 ## - ASSUNTO--TERMO TÓPICO |
| Cabeçalho tópico ou nome geográfico |
AMAZONIA |
| 773 0# - ENTRADA ANALÍTICA |
| Título |
Bacia modelo: caracterizacao ecologica de uma bacia hidrografica experimental na Amazonia central |
| Número de controle do registro |
L60 BR8301075 |
| Partes relacionadas |
Manaus, AM (Brasil), 1982. p. 107-111 |
| 942 ## - ELEMENTOS DE ENTRADA ADICIONADOS (KOHA) |
| Tipo de material Koha |
Analítica de Monografia Seriada |
| Fonte da classificação ou esquema de arquivamento na estante |
Classificação AGRIS |
| 909 ## - |
| -- |
202506 |
| -- |
Lúcia |
| -- |
55 |
| -- |
Lúcia Elande |